000 00483nam a2200181Ia 4500
001 3359
005 20260306145637.0
008 260306t2005||||xx |||||||||||||| ||spa||
041 _aESP
082 _a270.092
_bM93
100 _aMujica Pinilla, Ramón
_eAUT
245 0 _aRosa limensis:
_bmística, política e iconografía en torno a la patrona de América
260 _c2005
300 _a497 páginas :
_c23 cm.
650 _aGEN
654 _aCHU
942 _cLIB
_dJUS
_fJUS
_2ddc
_n
999 _c3359
_d3359